Loading...
Chemical dependence: diagnosis treatment and prevention
| Main Author: | |
|---|---|
| Published: |
New York, Springer-Verlag
1990
|
| Subjects: |
| LEADER | 005440000a22001690004500 | ||
|---|---|---|---|
| 020 | |a 0-540-97292-7 | ||
| 082 | |a 616.86 N0 | ||
| 100 | |a Milborn, H Thomas | ||
| 245 | |a Chemical dependence: diagnosis treatment and prevention | ||
| 260 | |a New York, Springer-Verlag | ||
| 260 | |c 1990 | ||
| 650 | |a Chemical dependence | ||
| 650 | |a Pharmacology | ||
| 650 | |a Psychotropic drugs | ||
| 650 | |a Substance abuse | ||
| 999 | |c 89711 |d 89711 | ||
| 952 | |0 0 |1 0 |4 0 |6 616_860000000000000_N0 |7 0 |9 82045 |a SBES |b SBES |d 2016-08-12 |l 0 |o 616.86 N0 |p SBES01572 |r 2016-08-12 |w 2016-08-12 | ||